Bundesländer nach Größe - Statistiken

Allgemein
  • Dieses Quiz wurde 250 mal gespielt
  • Das Durchschnittsergebnis liegt bei 14 aus 16
Antwortstatistiken
Hint Antwort % Korrekt
70.542 Bayern
99%
47.710 Niedersachsen
91%
35.748 Baden-Württemberg
90%
34.112 Nordrhein-Westfalen
90%
891 Berlin
88%
420 Bremen
88%
755 Hamburg
88%
29.654 Brandenburg
87%
23.295 Mecklenburg-Vorpommern
84%
21.116 Hessen
82%
2.571 Saarland
82%
18.450 Sachsen
82%
20.459 Sachsen-Anhalt
82%
15.804 Schleswig-Holstein
81%
16.202 Thüringen
80%
19.858 Rheinland-Pfalz
78%
Keine übereinstimmenden Quizze gefunden
Verteilung der Resultate
Anzahl Personen mit jedem Resultat
Perzentil nach korrekt beantworteten Fragen
Ihre Resultats-Entwicklung
Sie haben dieses Quiz noch nicht gespielt